[Event "PRO League Group Stage"]
[Site "chess.com INT"]
[Date "2019.02.19"]
[Round "7"]
[White "Dek, Lennart"]
[Black "Cubas Cabrera, Angel Luis"]
[Result "0-1"]
[WhiteTitle "FM"]
[WhiteElo "2335"]
[BlackElo "2083"]
[WhiteTeam "Amsterdam Mosquitoes"]
[BlackTeam "Barcelona Raptors"]
[WhiteFideId "1013114"]
[BlackFideId "32046561"]
[EventDate "2019.01.08"]

1. e4 e5 2. Nf3 Nc6 3. Bc4 Bc5 4. O-O d6 5. d3 Nf6 6. c3 O-O 7. h3 a6 8. Re1 h6
9. Nbd2 Be6 10. Bb3 Re8 11. Nf1 d5 12. exd5 Bxd5 13. Bc2 Bf8 14. Ng3 Qd7 15. b4
Rad8 16. Bb2 b5 17. a4 Qc8 18. axb5 axb5 19. Nd2 Qb7 20. Nge4 Nxe4 21. dxe4 Be6
22. Qe2 Nb8 23. Bd3 c6 24. Nf1 Nd7 25. Bc1 Nb6 26. Be3 Ra8 27. Nd2 Red8 28. Nf3
Nc4 29. Red1 g6 30. Bxc4 Bxc4 31. Rxa8 Qxa8 32. Rxd8 Qxd8 33. Qd2 Qxd2 34. Nxd2
Bd3 35. f3 f6 36. Nb3 f5 37. exf5 Bxf5 38. Kf2 Kf7 39. Ke2 h5 40. h4 Be7 41. g3
Ke6 42. Kd2 Kd5 43. Bc5 Bd8 44. Ke3 Kc4 45. Nd2+ Kxc3 46. Ne4+ Kc4 47. Nd6+ Kd5
48. Nf7 Bf6 49. Ng5 Bd8 50. Ne4 Bxe4 51. fxe4+ Ke6 52. Kf3 Be7 53. Bxe7 Kxe7 54.
Ke3 Kd6 55. Kd3 c5 56. Kc3 cxb4+ 57. Kxb4 Kc6 58. Kb3 Kc5 59. Kc3 b4+ 60. Kb3
Kb5 61. Kb2 Kc4 62. Kc2 Kd4 63. Kb2 Kxe4 64. Kb3 Kf3 65. Kxb4 Kxg3 0-1

[Event "PRO League Group Stage"]
[Site "chess.com INT"]
[Date "2019.02.19"]
[Round "7"]
[White "Moranda, Wojciech"]
[Black "Vachier-Lagrave, Maxime"]
[Result "0-1"]
[WhiteTitle "GM"]
[BlackTitle "GM"]
[WhiteElo "2593"]
[BlackElo "2780"]
[WhiteTeam "New York Marshalls"]
[BlackTeam "Marseille Migraines"]
[WhiteFideId "1122401"]
[BlackFideId "623539"]
[EventDate "2019.01.08"]

1. d4 Nf6 2. c4 g6 3. Nc3 d5 4. Nf3 Bg7 5. Bg5 Ne4 6. h4 Nxg5 7. hxg5 dxc4 8.
Qa4+ c6 9. Qxc4 Be6 10. Qa4 Nd7 11. e3 O-O 12. Rh4 c5 13. Rd1 Nb6 14. Qc2 cxd4
15. Nxd4 Bd7 16. Qe4 Na4 17. Qxb7 Rb8 18. Qxa7 Nxb2 19. Rc1 e5 20. Nf3 Bc6 21.
Ne4 Bxe4 22. Rxe4 Qd5 23. Nd2 Rfd8 24. Rc2 Nd3+ 25. Ke2 Rb2 26. Qc7 Nc1+ 27. Kd1
Rxc2 28. Qxc2 Nxa2 29. Bc4 Nc3+ 30. Qxc3 Qxe4 31. g3 Qg4+ 32. Ke1 Qxg5 33. Qb3
Qe7 0-1

[Event "PRO League Group Stage"]
[Site "chess.com INT"]
[Date "2019.02.19"]
[Round "7"]
[White "Fressinet, Laurent"]
[Black "Azarov, Sergei"]
[Result "1-0"]
[WhiteTitle "GM"]
[BlackTitle "GM"]
[WhiteElo "2655"]
[BlackElo "2575"]
[WhiteTeam "Marseille Migraines"]
[BlackTeam "New York Marshalls"]
[WhiteFideId "608742"]
[BlackFideId "13501470"]
[EventDate "2019.01.08"]

1. e4 e5 2. Nf3 Nc6 3. Bc4 Bc5 4. d3 Nf6 5. O-O d6 6. c3 O-O 7. h3 h6 8. Re1 Re8
9. a4 a5 10. Nbd2 Be6 11. Bb5 Bd7 12. Nf1 Ne7 13. Bxd7 Qxd7 14. Ng3 Ng6 15. d4
Bb6 16. Be3 Rad8 17. Qb3 exd4 18. Bxd4 Bxd4 19. cxd4 b6 20. Rac1 Nf4 21. Qe3
N4d5 22. Qd2 Nb4 23. b3 c5 24. Rcd1 c4 25. Qc3 cxb3 26. Qxb3 Rc8 27. e5 Nfd5 28.
Ne4 dxe5 29. dxe5 Qe6 30. Nd6 Rc3 31. Qb1 Rf8 32. Nd4 Qd7 33. N4b5 Rc5 34. Ne4
Rc2 35. Qb3 Rfc8 36. Qg3 Kh8 37. Ned6 Rf8 38. Qf3 Qe6 39. Nd4 Qg6 40. Nxc2 Nxc2
41. Qxd5 1-0

[Event "PRO League Group Stage"]
[Site "chess.com INT"]
[Date "2019.02.19"]
[Round "7"]
[White "Khamrakulov, Djurabek"]
[Black "Sebag, Marie"]
[Result "1-0"]
[WhiteTitle "GM"]
[BlackTitle "GM"]
[WhiteElo "2503"]
[BlackElo "2476"]
[WhiteTeam "New York Marshalls"]
[BlackTeam "Marseille Migraines"]
[WhiteFideId "14201143"]
[BlackFideId "617822"]
[EventDate "2019.01.08"]

1. e4 c5 2. c3 d5 3. exd5 Qxd5 4. d4 Nf6 5. Nf3 Bg4 6. dxc5 Qxc5 7. Na3 e6 8. h3
Bxf3 9. Qxf3 Nc6 10. Nb5 Rc8 11. Be3 Qe5 12. Be2 Bc5 13. Bf4 Qe4 14. Nd6+ Bxd6
15. Bxd6 Rd8 16. O-O-O Qxf3 17. Bxf3 Nd5 18. Ba3 f6 19. Rd2 Ne5 20. Bxd5 exd5
21. Rhd1 Kf7 22. Rxd5 Rxd5 23. Rxd5 Re8 24. b3 g5 25. c4 h5 26. Bb2 Ke6 27. Bxe5
fxe5 28. Kd2 Rf8 29. Ke3 h4 30. a4 a6 31. a5 Rf4 32. Rd8 g4 33. Rg8 gxh3 34.
gxh3 Rd4 35. Rg4 Rxg4 36. hxg4 Kf6 37. f3 Kg5 38. b4 e4 39. fxe4 Kxg4 40. Kf2
Kf4 41. b5 Kxe4 42. c5 axb5 43. c6 bxc6 44. a6 b4 45. a7 c5 46. a8=Q+ Kd4 47.
Ke2 c4 48. Qh8+ Kd5 49. Ke3 b3 50. Qd4+ 1-0

[Event "PRO League Group Stage"]
[Site "chess.com INT"]
[Date "2019.02.19"]
[Round "7"]
[White "Regoli, Stephane"]
[Black "Xu, Grant"]
[Result "1/2-1/2"]
[WhiteElo "2256"]
[BlackElo "2207"]
[WhiteTeam "Marseille Migraines"]
[BlackTeam "New York Marshalls"]
[WhiteFideId "615110"]
[BlackFideId "2052318"]
[EventDate "2019.01.08"]

1. e4 e6 2. d4 d5 3. Nd2 Nf6 4. e5 Nfd7 5. f4 c5 6. Ngf3 Nc6 7. Nb3 a5 8. a4 Be7
9. Be2 O-O 10. c3 cxd4 11. Nfxd4 Nxd4 12. Nxd4 Qb6 13. O-O f6 14. exf6 Bxf6 15.
Kh1 e5 16. fxe5 Nxe5 17. Qc2 Bg4 18. Be3 Bxe2 19. Qxe2 Nc4 20. Bg1 Rae8 21. Qh5
Re5 22. Qg4 Ne3 23. Bxe3 Rxe3 24. Nb5 Re4 25. Qd7 Rd8 26. Qf5 Re5 27. Qf3 Qc5
28. Rad1 h5 29. Nd4 Rde8 30. Nf5 Qc4 31. Qxh5 Qe2 32. Qg6 Qxd1 33. Nh6+ Kh8 34.
Nf7+ Kg8 35. Nh6+ Kh8 36. Nf7+ Kg8 37. Nh6+ Kh8 38. Nf7+ Kg8 39. Nh6+ 1/2-1/2

[Event "PRO League Group Stage"]
[Site "chess.com INT"]
[Date "2019.02.19"]
[Round "7"]
[White "Vachier-Lagrave, Maxime"]
[Black "Andreikin, Dmitry"]
[Result "1/2-1/2"]
[WhiteTitle "GM"]
[BlackTitle "GM"]
[WhiteElo "2780"]
[BlackElo "2725"]
[WhiteTeam "Marseille Migraines"]
[BlackTeam "Volga Stormbringers"]
[WhiteFideId "623539"]
[BlackFideId "4158814"]
[EventDate "2019.01.08"]

1. e4 g6 2. d4 Bg7 3. Nc3 c6 4. Nf3 d6 5. Be3 Nf6 6. h3 O-O 7. Bd3 Nbd7 8. O-O
e5 9. Re1 b5 10. Ne2 a6 11. c3 Re8 12. Ng3 c5 13. a4 c4 14. Bc2 Bb7 15. Qd2 Qc7
16. Rad1 exd4 17. Nxd4 Nxe4 18. Nxe4 Bxe4 19. Bxe4 Rxe4 20. axb5 Qb7 21. Ra1 Nc5
22. bxa6 Rxa6 23. Rxa6 Qxa6 24. Rd1 h5 25. Ne2 Nd3 26. Nf4 Nxf4 27. Bxf4 d5 28.
Be3 Re5 29. Bd4 Rf5 30. g4 Rf3 31. Bxg7 Kxg7 32. Qxd5 Rxh3 33. Qe5+ Kh7 34. Qe7
Kg7 35. Qe5+ Kh7 36. Qe7 1/2-1/2

[Event "PRO League Group Stage"]
[Site "chess.com INT"]
[Date "2019.02.19"]
[Round "7"]
[White "Frolyanov, Dmitry"]
[Black "Fressinet, Laurent"]
[Result "1/2-1/2"]
[WhiteTitle "GM"]
[BlackTitle "GM"]
[WhiteElo "2517"]
[BlackElo "2655"]
[WhiteTeam "Volga Stormbringers"]
[BlackTeam "Marseille Migraines"]
[WhiteFideId "4151976"]
[BlackFideId "608742"]
[EventDate "2019.01.08"]

1. Nf3 Nf6 2. g3 g6 3. Bg2 Bg7 4. O-O O-O 5. d4 d6 6. c4 Nc6 7. Nc3 Bf5 8. d5
Na5 9. Nd4 Bd7 10. b3 c5 11. dxc6 bxc6 12. Bb2 Rb8 13. Rb1 c5 14. Nc2 Bc6 15.
Nd5 Nxd5 16. Bxg7 Kxg7 17. cxd5 Bd7 18. e4 Nb7 19. Ne3 Bb5 20. Re1 Qa5 21. Qc2
Qa6 22. Qb2+ f6 23. f4 Bd3 24. Rbd1 c4 25. Qd4 Qb6 26. Qxb6 axb6 27. bxc4 Nc5
28. e5 fxe5 29. fxe5 dxe5 30. Ng4 e4 31. Nf2 Bxc4 32. Nxe4 Bxa2 33. Nc3 Bb3 34.
Rxe7+ Rf7 35. Rde1 Rd8 36. Rxf7+ Kxf7 37. Rf1+ Kg7 38. Re1 Kf6 39. Rf1+ Kg7 1/2-1/2

[Event "PRO League Group Stage"]
[Site "chess.com INT"]
[Date "2019.02.19"]
[Round "7"]
[White "Sebag, Marie"]
[Black "Bryakin, Mikhail"]
[Result "0-1"]
[WhiteTitle "GM"]
[BlackTitle "FM"]
[WhiteElo "2476"]
[BlackElo "2426"]
[WhiteTeam "Marseille Migraines"]
[BlackTeam "Volga Stormbringers"]
[WhiteFideId "617822"]
[BlackFideId "4165314"]
[EventDate "2019.01.08"]

1. e4 c6 2. d4 d5 3. Nc3 dxe4 4. Nxe4 Bf5 5. Ng3 Bg6 6. h4 h6 7. Nf3 Nd7 8. h5
Bh7 9. Bd3 Bxd3 10. Qxd3 e6 11. Bd2 Ngf6 12. O-O-O Be7 13. Ne4 Nxe4 14. Qxe4 Nf6
15. Qe2 O-O 16. Kb1 Qd5 17. Ne5 Qe4 18. Qxe4 Nxe4 19. Be3 Rfd8 20. f3 Ng3 21.
Rhe1 Nxh5 22. g4 Nf6 23. g5 hxg5 24. Bxg5 Nd5 25. Bc1 Bf6 26. c4 Ne7 27. f4 Nf5
28. Re4 Nd6 29. Re2 Nf5 30. Red2 a5 31. Rd3 a4 32. b3 axb3 33. axb3 Kf8 34. Bd2
Be7 35. Bc3 f6 36. Nf3 Bd6 37. Bd2 Kf7 38. Re1 Rh8 39. d5 exd5 40. cxd5 c5 41.
b4 c4 42. Rc3 b5 43. Rc2 Ra3 44. Rf1 Rh3 45. Ne5+ Kg8 46. Nc6 Rhd3 47. Re1 Kf8
48. Bc1 Rab3+ 49. Rb2 Rxb2+ 50. Kxb2 Rxd5 51. Kc2 Nd4+ 52. Nxd4 Rxd4 53. Bd2
Rxd2+ 0-1

[Event "PRO League Group Stage"]
[Site "chess.com INT"]
[Date "2019.02.19"]
[Round "7"]
[White "Van Wely, Loek"]
[Black "Moranda, Wojciech"]
[Result "1-0"]
[WhiteTitle "GM"]
[BlackTitle "GM"]
[WhiteElo "2622"]
[BlackElo "2593"]
[WhiteTeam "Amsterdam Mosquitoes"]
[BlackTeam "New York Marshalls"]
[WhiteFideId "1000268"]
[BlackFideId "1122401"]
[EventDate "2019.01.08"]

1. Nf3 Nf6 2. c4 g6 3. Nc3 Bg7 4. e4 d6 5. d4 O-O 6. Be2 Na6 7. Bf4 Qe8 8. e5
dxe5 9. Bxe5 c6 10. O-O Bf5 11. Qb3 Qc8 12. Rfe1 Rd8 13. Rad1 Bg4 14. h3 Bxf3
15. Bxf3 e6 16. a3 Rd7 17. Qc2 Qd8 18. b4 Rc8 19. b5 Nb8 20. Qb3 cxb5 21. cxb5
Qa5 22. d5 exd5 23. Bxf6 Bxf6 24. Nxd5 Bg5 25. Bg4 Rxd5 26. Qxd5 1-0

[Event "PRO League Group Stage"]
[Site "chess.com INT"]
[Date "2019.02.19"]
[Round "7"]
[White "Azarov, Sergei"]
[Black "Spoelman, Wouter"]
[Result "1-0"]
[WhiteTitle "GM"]
[BlackTitle "GM"]
[WhiteElo "2575"]
[BlackElo "2578"]
[WhiteTeam "New York Marshalls"]
[BlackTeam "Amsterdam Mosquitoes"]
[WhiteFideId "13501470"]
[BlackFideId "1010891"]
[EventDate "2019.01.08"]

1. e4 c5 2. Nf3 e6 3. d4 cxd4 4. Nxd4 Nc6 5. Nc3 Qc7 6. Be2 a6 7. O-O b5 8. Nxc6
dxc6 9. a4 Bb7 10. Bd3 Nf6 11. Qe2 e5 12. Bg5 Be7 13. axb5 axb5 14. Rxa8+ Bxa8
15. Nd1 h6 16. Bh4 O-O 17. Ne3 g6 18. c3 Nh5 19. Bxe7 Nf4 20. Qf3 Qxe7 21. Bc2
c5 22. g3 Nh3+ 23. Kh1 Ng5 24. Qg2 f5 25. Nd5 Bxd5 26. exd5 e4 27. Rd1 Qd6 28.
Qf1 c4 29. Qe2 Nf3 30. Qe3 Kg7 31. Kg2 Rc8 32. Ra1 Rc7 33. Bd1 Ne5 34. Qd4 Rd7
35. f4 exf3+ 36. Bxf3 Qf6 37. Ra7 g5 38. d6 Rxa7 39. Qxa7+ Kg6 40. Qb8 Nxf3 41.
Qg8+ Kh5 42. Qe8+ Kg4 43. h3# 1-0

[Event "PRO League Group Stage"]
[Site "chess.com INT"]
[Date "2019.02.19"]
[Round "7"]
[White "Vrolijk, Liam"]
[Black "Khamrakulov, Djurabek"]
[Result "1-0"]
[WhiteTitle "IM"]
[BlackTitle "GM"]
[WhiteElo "2433"]
[BlackElo "2503"]
[WhiteTeam "Amsterdam Mosquitoes"]
[BlackTeam "New York Marshalls"]
[WhiteFideId "1048333"]
[BlackFideId "14201143"]
[EventDate "2019.01.08"]

1. d4 Nf6 2. c4 e6 3. g3 d5 4. Bg2 Be7 5. Nf3 O-O 6. O-O dxc4 7. Qc2 a6 8. a4
Bd7 9. Bg5 Bc6 10. Nc3 Bxf3 11. Bxf3 c6 12. Rfd1 a5 13. Bxf6 Bxf6 14. Ne4 Be7
15. Qxc4 Qb6 16. Qc2 Na6 17. e3 Rac8 18. Rac1 Rc7 19. Nd2 Nb4 20. Qe4 Qa6 21.
Nc4 Rfc8 22. b3 Nd5 23. Be2 c5 24. dxc5 Rxc5 25. Bf1 Bf6 26. Qd3 g6 27. Qd2 Qa7
28. Nd6 R8c6 29. Ne4 Rxc1 30. Rxc1 Be7 31. Bb5 Rxc1+ 32. Qxc1 Qb8 33. Nd2 Kg7
34. Nc4 Bb4 35. Qb2+ Nc3 36. Nxa5 Bxa5 37. b4 Bxb4 38. Qxb4 Nxb5 39. axb5 b6 40.
Qd4+ e5 41. Qd5 Kf8 42. Qd7 Kg7 43. h4 h5 44. Kg2 Qa8+ 45. Qc6 Qd8 46. Kg1 Qd1+
47. Kh2 Qd2 48. Kg2 Qd8 49. Qe4 Qd6 50. Qc4 Kf6 51. Kg1 Qd1+ 52. Kh2 Qd6 53. Kg2
Qe6 54. Qe4 Qd6 55. Qb7 Ke6 56. e4 Qc5 57. Qa6 Qd4 58. Qa8 Qd7 59. Qa4 Qd4 60.
Qa2+ Kf6 61. Qa8 Qc4 62. Qd8+ Kg7 63. Qxb6 Qxe4+ 64. Kh2 Qe2 65. Qc5 e4 66. b6
Qb2 67. Kg2 f5 68. Qc7+ Kh6 69. b7 e3 70. Qf4+ Kh7 71. b8=Q 1-0

[Event "PRO League Group Stage"]
[Site "chess.com INT"]
[Date "2019.02.19"]
[Round "7"]
[White "Xu, Grant"]
[Black "Dek, Lennart"]
[Result "1-0"]
[BlackTitle "FM"]
[WhiteElo "2207"]
[BlackElo "2335"]
[WhiteTeam "New York Marshalls"]
[BlackTeam "Amsterdam Mosquitoes"]
[WhiteFideId "2052318"]
[BlackFideId "1013114"]
[EventDate "2019.01.08"]

1. e4 c5 2. d4 cxd4 3. c3 Nf6 4. e5 Nd5 5. Nf3 Nc6 6. Bc4 e6 7. cxd4 d6 8. O-O
Be7 9. a3 O-O 10. Nbd2 dxe5 11. dxe5 Qc7 12. Qe2 Rd8 13. Qe4 g6 14. Re1 a6 15.
Nf1 b5 16. Ba2 b4 17. a4 Bb7 18. Bg5 Na5 19. Qh4 b3 20. Rac1 Qd7 21. Bb1 Re8 22.
Ng3 Bxg5 23. Nxg5 f5 24. exf6 Nxf6 25. Rcd1 Bd5 26. N3e4 Nxe4 27. Nxe4 Qe7 28.
Qxe7 Rxe7 29. Nf6+ Kf7 30. Nxh7 Kg7 31. Ng5 Rae8 32. f4 Nc4 33. Re2 Nd6 34. Bd3
Nf5 35. Bxa6 Kf6 36. g4 Nd6 37. Kf2 Rc7 38. Nxe6 Rxe6 39. Rxd5 Rxe2+ 40. Bxe2
Ne4+ 41. Kf3 Rc2 42. g5+ Kf7 43. Bd1 Nd2+ 44. Ke3 Nc4+ 45. Kd4 Rd2+ 46. Kxc4 1-0

[Event "PRO League Group Stage"]
[Site "chess.com INT"]
[Date "2019.02.19"]
[Round "7"]
[White "Sevian, Samuel"]
[Black "Vallejo Pons, Francisco"]
[Result "1-0"]
[WhiteTitle "GM"]
[BlackTitle "GM"]
[WhiteElo "2647"]
[BlackElo "2698"]
[WhiteTeam "Montclair Sopranos"]
[BlackTeam "Barcelona Raptors"]
[WhiteFideId "2040506"]
[BlackFideId "2205530"]
[EventDate "2019.01.08"]

1. e4 e5 2. Nf3 Nc6 3. Bb5 a6 4. Ba4 b5 5. Bb3 Na5 6. O-O d6 7. d4 exd4 8. Nxd4
Bb7 9. c4 c5 10. Nf5 g6 11. Ng3 Bg7 12. Nc3 Nxb3 13. Qxb3 b4 14. Nd5 Ne7 15. a3
Bxd5 16. exd5 bxa3 17. Qxa3 O-O 18. Bd2 Qd7 19. Bc3 Nf5 20. Bxg7 Kxg7 21. Qc3+
Nd4 22. Ne2 Qg4 23. f3 Kg8 24. Qxd4 Qxd4+ 25. Nxd4 cxd4 26. Ra3 Rfe8 27. Kf2
Rab8 28. Rb1 Rb4 29. b3 Rb6 30. Rb2 Re3 31. Rba2 Rexb3 32. Rxb3 Rxb3 33. Rxa6
Rb2+ 34. Ke1 Rc2 35. Rxd6 Rxc4 36. Rc6 Rb4 37. d6 Rb7 38. Rc7 Rb1+ 39. Kd2 Kf8
40. Rc8+ Kg7 41. d7 1-0

[Event "PRO League Group Stage"]
[Site "chess.com INT"]
[Date "2019.02.19"]
[Round "7"]
[White "Ponomariov, Ruslan"]
[Black "Lenderman, Aleksandr"]
[Result "0-1"]
[WhiteTitle "GM"]
[BlackTitle "GM"]
[WhiteElo "2664"]
[BlackElo "2637"]
[WhiteTeam "Barcelona Raptors"]
[BlackTeam "Montclair Sopranos"]
[WhiteFideId "14103320"]
[BlackFideId "2021285"]
[EventDate "2019.01.08"]

1. e4 e6 2. d4 d5 3. Nc3 Bb4 4. e5 c5 5. a3 Ba5 6. Qg4 Ne7 7. Qxg7 Rg8 8. Qxh7
cxd4 9. b4 Bc7 10. Nb5 Bxe5 11. Nf3 Rh8 12. Qd3 Bf6 13. Bf4 Kf8 14. Nc7 Ng6 15.
Bg3 e5 16. Nxa8 Nc6 17. Qb5 Kg7 18. O-O-O Bf5 19. Qxb7 Qxa8 20. Qxa8 Rxa8 21.
Ba6 Rb8 22. b5 Rb6 23. Rhe1 Be4 24. h4 Nb8 25. h5 Nxa6 26. hxg6 Bxf3 27. gxf3
Bg5+ 28. Kb2 Rxb5+ 29. Ka2 f6 30. Rb1 Rc5 31. Rb7+ Kxg6 32. Re2 Ra5 33. Bxe5
fxe5 34. Rxe5 Bf6 35. Re8 Nc5 36. Rbb8 d3 37. cxd3 Nxd3 38. Rb7 Rc5 39. Rbb8
Rc2+ 40. Kb1 Rc1+ 41. Ka2 Nc5 42. Rb2 Bxb2 43. Kxb2 Nd3+ 44. Kb3 Rc7 45. Rd8 Nf4
46. Kb4 Kf5 47. a4 Ke5 48. a5 d4 49. Kb5 d3 50. Re8+ Ne6 51. f4+ Kf5 0-1

[Event "PRO League Group Stage"]
[Site "chess.com INT"]
[Date "2019.02.19"]
[Round "7"]
[White "Sturt, Raven"]
[Black "Diaz Camallonga, Carles"]
[Result "1-0"]
[WhiteTitle "IM"]
[BlackTitle "IM"]
[WhiteElo "2429"]
[BlackElo "2432"]
[WhiteTeam "Montclair Sopranos"]
[BlackTeam "Barcelona Raptors"]
[WhiteFideId "2007304"]
[BlackFideId "22235256"]
[EventDate "2019.01.08"]

1. d4 e6 2. Nf3 Nf6 3. Bf4 d5 4. e3 c5 5. Nbd2 Nc6 6. c3 Bd6 7. Bg3 O-O 8. Bd3
b6 9. Qe2 Bb7 10. Rd1 h6 11. O-O Bxg3 12. hxg3 Re8 13. e4 cxd4 14. e5 Nd7 15.
cxd4 Nb4 16. a3 Nxd3 17. Qxd3 Qe7 18. Rc1 Rec8 19. Nb3 Qd8 20. g4 a5 21. Rxc8
Bxc8 22. Qe3 Ba6 23. Rc1 Rc8 24. g5 hxg5 25. Nxg5 Rxc1+ 26. Nxc1 Nf8 27. Na2 Qc7
28. Nc3 b5 29. b4 axb4 30. axb4 Qe7 31. Na2 f6 32. Nf3 Qc7 33. Nc1 Qc2 34. Nd3
Bc8 35. Kh2 Bd7 36. Nc5 Qh7+ 37. Kg1 Qb1+ 38. Kh2 Qh7+ 39. Kg1 Qb1+ 40. Qe1 Qf5
41. Nb7 Bc6 42. Nd6 Qc2 43. Qa1 Nd7 44. Qe1 Nf8 45. g3 Bd7 46. Kg2 Ng6 47. Qa1
Qc6 48. Qa5 fxe5 49. Qd8+ Nf8 50. Qe7 exd4 51. Ng5 Qa8 52. Qf7+ Kh8 53. Qh5+ Kg8
54. Ndf7 Ng6 55. Qxg6 Kf8 56. Ne5 Qe8 57. Nh7+ Ke7 58. Qxg7+ Kd6 59. Nf6 Qe7 60.
Qxe7+ Kxe7 61. Nfxd7 d3 62. Kf1 1-0

[Event "PRO League Group Stage"]
[Site "chess.com INT"]
[Date "2019.02.19"]
[Round "7"]
[White "Cubas Cabrera, Angel Luis"]
[Black "Foisor, Sabina-Francesca"]
[Result "1-0"]
[BlackTitle "WGM"]
[WhiteElo "2083"]
[BlackElo "2276"]
[WhiteTeam "Barcelona Raptors"]
[BlackTeam "Montclair Sopranos"]
[WhiteFideId "32046561"]
[BlackFideId "1212915"]
[EventDate "2019.01.08"]

1. d4 d5 2. Nf3 Nf6 3. c4 c6 4. e3 a6 5. Bd3 g6 6. Nbd2 Bg7 7. O-O O-O 8. b3 b5
9. Qe2 Nbd7 10. Bb2 Bb7 11. c5 e5 12. Nxe5 Nxe5 13. dxe5 Nd7 14. f4 b4 15. Rac1
Re8 16. e4 Bf8 17. Qf2 Rc8 18. Qd4 Nxc5 19. e6 f6 20. Rxc5 Bxc5 21. Qxc5 Rxe6
22. f5 gxf5 23. exf5 Qd6 24. Qd4 Re7 25. Qxf6 Qxf6 26. Bxf6 Re3 27. Rf3 Rxf3 28.
Nxf3 c5 29. Nd2 a5 30. Be7 Kf7 31. f6 h6 32. Kf2 Bc6 33. Nf3 Ke6 34. g4 a4 35.
Bf5+ Kf7 36. Bxc8 axb3 37. axb3 Bb5 38. Ne5+ Ke8 39. Be6 c4 40. Ng6 1-0

[Event "PRO League Group Stage"]
[Site "chess.com INT"]
[Date "2019.02.19"]
[Round "7"]
[White "Ivlev, Aleksey"]
[Black "Regoli, Stephane"]
[Result "1/2-1/2"]
[WhiteTitle "FM"]
[WhiteElo "2326"]
[BlackElo "2256"]
[WhiteTeam "Volga Stormbringers"]
[BlackTeam "Marseille Migraines"]
[WhiteFideId "24185949"]
[BlackFideId "615110"]
[EventDate "2019.01.08"]

1. e4 c5 2. Nf3 Nc6 3. Nc3 g6 4. g3 Bg7 5. Bg2 e5 6. O-O Nge7 7. d3 O-O 8. a3 h6
9. Be3 b6 10. b4 cxb4 11. axb4 Nxb4 12. Qd2 Kh7 13. Nb5 Nbc6 14. Rfb1 d5 15.
Nxa7 Rxa7 16. Rxa7 Nxa7 17. Bxb6 Qd7 18. exd5 Nxd5 19. Bc5 Re8 20. h4 Nc6 21. h5
Nd4 22. hxg6+ fxg6 23. Nh4 Ne7 24. Be4 Nef5 25. Nxg6 Kxg6 26. g4 Qc7 27. Rb6+
Kh7 28. Bxd4 exd4 29. Rc6 Qb8 30. gxf5 Qb1+ 31. Kg2 Bb7 32. f6+ Rxe4 33. dxe4
Bxc6 34. fxg7 Bxe4+ 35. Kg3 Qh1 36. Kf4 Qf3+ 37. Ke5 Qf5+ 38. Kxd4 Bxc2 39.
Qxh6+ Kxh6 40. g8=Q Qe4+ 41. Kc3 Qd3+ 42. Kb2 Qf5 43. Qh8+ Kg5 44. Qd8+ Kf4 45.
Qh4+ Kf3 46. Qg3+ Ke2 47. Qe3+ Kf1 48. f4 Kg2 49. Kc3 Be4 50. Kb4 Bf3 51. Qe5
Qb1+ 52. Kc5 Be4 53. Kd6 Kf3 54. Ke7 Qb7+ 55. Kf6 Qc6+ 56. Ke7 Qb7+ 57. Kf6 Qc6+
58. Ke7 Qh6 59. f5 Qg5+ 60. Ke6 Qxf5+ 61. Qxf5+ Bxf5+ 1/2-1/2

[Event "PRO League Group Stage"]
[Site "chess.com INT"]
[Date "2019.02.19"]
[Round "7"]
[White "Vachier-Lagrave, Maxime"]
[Black "Van Wely, Loek"]
[Result "1-0"]
[WhiteTitle "GM"]
[BlackTitle "GM"]
[WhiteElo "2780"]
[BlackElo "2622"]
[WhiteTeam "Marseille Migraines"]
[BlackTeam "Amsterdam Mosquitoes"]
[WhiteFideId "623539"]
[BlackFideId "1000268"]
[EventDate "2019.01.08"]

1. e4 c5 2. Nf3 e6 3. d4 cxd4 4. Nxd4 Nc6 5. Nc3 a6 6. Nxc6 bxc6 7. Bd3 Qc7 8.
Qg4 Nf6 9. Qg3 Qxg3 10. hxg3 d5 11. Bf4 Bb7 12. O-O-O h6 13. f3 Nd7 14. Na4 e5
15. Be3 d4 16. Bd2 Be7 17. Kb1 a5 18. b3 O-O 19. Nb2 Nb6 20. a4 Rfb8 21. f4 Ba6
22. Bxa6 Rxa6 23. Rh5 Ba3 24. Nd3 exf4 25. Ka2 Bb4 26. Bxb4 axb4 27. gxf4 Nd7
28. Nc5 Ra7 29. Rxd4 Rb5 30. Rxd7 1-0

[Event "PRO League Group Stage"]
[Site "chess.com INT"]
[Date "2019.02.19"]
[Round "7"]
[White "Spoelman, Wouter"]
[Black "Fressinet, Laurent"]
[Result "1-0"]
[WhiteTitle "GM"]
[BlackTitle "GM"]
[WhiteElo "2578"]
[BlackElo "2655"]
[WhiteTeam "Amsterdam Mosquitoes"]
[BlackTeam "Marseille Migraines"]
[WhiteFideId "1010891"]
[BlackFideId "608742"]
[EventDate "2019.01.08"]

1. c4 Nf6 2. Nf3 g6 3. b3 Bg7 4. Bb2 O-O 5. g3 d6 6. Bg2 e5 7. O-O c5 8. Nc3 Nc6
9. e3 Bf5 10. d3 Qd7 11. Qe2 Bh3 12. Bxh3 Qxh3 13. Ng5 Qd7 14. Nge4 Ne8 15. Nd5
f5 16. Nec3 Nc7 17. Nxc7 Qxc7 18. Nd5 Qf7 19. e4 f4 20. f3 Ne7 21. g4 Nxd5 22.
exd5 h5 23. gxh5 gxh5 24. Kh1 Qf5 25. Rg1 Kh7 26. Qe4 Qxe4 27. dxe4 Bf6 28. Kg2
b5 29. cxb5 Rfb8 30. Rgc1 Rxb5 31. Rc4 Rg8+ 32. Kh3 Rb7 33. Rac1 Rbg7 34. R4c2
Bd8 35. Bc3 Rg1 36. b4 c4 37. b5 Bb6 38. Bb4 R8g2 39. Bxd6 Rxc1 40. Rxg2 Rf1 41.
Bxe5 Rxf3+ 42. Kh4 Kh6 43. Bg7+ Kh7 44. Be5 Kh6 45. Bg7+ Kh7 46. Bf6 c3 47. Kxh5
Rh3+ 48. Kg4 Rd3 49. Kf5 Bd4 50. Bxd4 Rxd4 51. Kxf4 Rd2 52. Rg3 c2 53. Rc3 Rxh2
54. Ke5 Kg6 55. Kd6 Kf7 56. e5 Rd2 57. e6+ Kf6 58. a4 1-0